000 01046nam a22003017a 4500
001 4975
003 FISKH
005 20241031080711.0
008 241030b cb ||||| |||| 00| 0 eng d
020 _a9780439678131
040 _aFISKH
_beng
_cFISKH
_dFISKH
050 _aPZ7.C6837
082 _a813.6
100 _aCollins, Suzanne
245 _aGregor the Overlander /
_cby Suzanne Collins
250 _aThis edition first printing, July 2013
260 _aNew York :
_bScholasic ;
_c2003 .
300 _a311 pages :
_billustrations ;
_c20 cm .
490 _aUnderland Chronicles
_vBook 1
505 _aR
520 _aWhen eleven-year-old Gregor and his two-year-old sister are pulled into a strange underground world, they trigger an epic battle involving men, bats, rats, cockroaches, and spiders while on a quest foretold by ancient prophecy.
521 8 _a730
_bLexile
521 8 _aR
_bRaz-Plus
650 _aadventure
_vfiction
700 _aPaul, Boehmer
_eeditor
942 _2ddc
_cBK
_n0
999 _c4975
_d4975